00289nam a2200121Ia 4500008004100000082001700041100002000058245002700078250001300105260002400118300000900142650001600151191201s2009 xx 000 0 und d a005.133bSCC aSCHILDT,Herbert 0aComplete reference C++ a24th Rep aN. delhibTMHc2009 a1023 aB.Tech(CSE)